Statistics for Tall Building Cities - US

Click here to take the quiz!

General Stats

  • This quiz has been taken 32,391 times
    (27,418 since last reset)
  • The average score is 15 of 23

Answer Stats

Feet Building City % Correct
1,776One World Trade CenterNew York City
100%
1,451Willis TowerChicago
97%
1,099Wilshire Grand CenterLos Angeles
94%
933Columbia CenterSeattle
87%
868Panorama TowerMiami
86%
921Bank of America PlazaDallas
86%
1,070Salesforce TowerSan Francisco
86%
790John Hancock TowerBoston
84%
1,002JPMorgan Chase TowerHouston
83%
735The DrewLas Vegas
79%
1,121Comcast Technology CenterPhiladelphia
77%
1,023Bank of America PlazaAtlanta
74%
727Renaissance CenterDetroit
72%
709Republic PlazaDenver
66%
841U.S. Steel TowerPittsburgh
64%
792IDS TowerMinneapolis
56%
947Key TowerCleveland
55%
830Salesforce TowerIndianapolis
45%
871Bank of America
Corporate Center
Charlotte
44%
844Devon Energy TowerOklahoma City
37%
718Ocean Resort CasinoAtlantic City
31%
781Goldman Sachs TowerJersey City
17%
745RSA Battle House TowerMobile
8%

Score Distribution

Percentile by Number Answered

Percent of People with Each Score

Your Score History

You have not taken this quiz since the last reset